000 00507nam a2200181Ia 4500
008 240925s9999 xx 000 0 und d
020 _a9788131504000
082 _a518 CHA
100 _aSchilling, Robert J.
245 0 _aApplied Numerical Methods: for engineers using MATLAB and c
250 _a1st
260 _aNew Delhi:
_bCengage Learning
_c,2007.
300 _a628p.
_bNA
_fOriginal
500 _aIncludes Index
600 _aHumanities & Natural Science
650 _aMathematics
942 _cBK
999 _c15175
_d15175